[Event "XVII MetLife Najdorf Open 2017"]
[Site "Warsaw"]
[Date "2017.07.13"]
[Round "5.18"]
[White "Jakubowski, Krzysztof"]
[Black "Das, Sayantan"]
[Result "1-0"]
[WhiteElo "2518"]
[BlackElo "2399"]
[Annotator "TA"]
[PlyCount "79"]
[EventDate "2017.??.??"]
[EventType "swiss"]
[EventCountry "POL"]
[SourceTitle "playchess.com"]
[Source "ChessBase"]
[SourceQuality "1"]

{[%evp 26,79,64,47,51,47,85,53,82,81,65,68,91,91,93,93,103,95,112,91,129,95,201,193,184,199,281,268,487,493,445,79,164,170,171,139,140,143,144,126,97,165,29988,29989,29989,29990,29990,29991,29991,0,0,0,29991,29992,29992,177]} 1. Nf3 Nf6 2. g3 g6 3. c4 Bg7 4. Bg2 O-O 5. O-O d6 6. d4 Nbd7 7. Nc3 e5 8. h3 Re8 9. Re1 a6 10. e4 exd4 11. Nxd4 Rb8 12. Be3 Ne5 13. b3 Bd7 14. Rc1 {LiveBook: 3 Games} c5 {E68: King's Indian: Fianchetto: 6...Nbd7 7 0-0 e5 8 e4} (14... Qc8 15. f4 Nc6 16. Kh2 h5 17. Nxc6 bxc6 18. c5 h4 19. gxh4 d5 20. exd5 cxd5 21. Nxd5 Qd8 22. Nxf6+ Qxf6 {½-½ (58) Purnama,T (2404)-Segarra,R (2311) Tagaytay City 2011}) 15. Nde2 {aiming for f4.} Bc6 16. a4 $146 ({Predecessor:} 16. Qd2 Qa5 17. Red1 Rbd8 18. Bg5 Ned7 19. f3 Kh8 20. Qf4 Re6 21. Rxd6 Nh5 22. Qd2 Rxd6 23. Qxd6 {1-0 (34) Brychta,D (2130)-Linhart,J (2006) Czechia 2014}) 16... Qa5 {White is slightly better.} 17. f4 (17. Qxd6 Rbd8 $17) 17... Ned7 {[%cal Rf6e4]} 18. Qd3 (18. Qxd6 Nxe4 19. Bxe4 Bxe4 $11) 18... Re6 19. g4 h6 20. Bd2 Qd8 21. Ng3 Ne8 22. Rf1 Nc7 23. Nd5 b5 (23... Re8 $16) 24. Ba5 $1 $18 {[%cal Ra5c7]} Bxd5 25. cxd5 {[%cal Bc4d5,Bd5d6][%mdl 32]} Re8 (25... Re7 $142 26. e5 Nb6) 26. e5 $1 {[%cal Re5d6]} dxe5 $2 (26... c4 {keeps fighting.} 27. Qf3 (27. bxc4 Nc5 $16) 27... Nc5) 27. d6 Nb6 28. fxe5 $2 (28. f5 $1 $18 {is the precise move to win.}) 28... Ne6 (28... Bxe5 $16 29. Ne4 Ne6) 29. Rxf7 $1 Kxf7 30. Bxb6 ({Stronger than} 30. Rf1+ Kg8 $14) 30... Qxb6 ({Don't capture} 30... Rxb6 $2 31. Rf1+ Kg8 32. Qxg6 $18) 31. Rf1+ Kg8 32. Qxg6 c4+ {[#]} 33. Kh1 $1 Nf8 $2 {[#]} ({Wrong is} 33... cxb3 $2 34. Nh5 $18) (33... Qa7 $18) 34. Bd5+ $1 Kh8 {[#]} 35. Rxf8+ $1 {[%mdl 512]} Rxf8 36. Be4 {[%csl Ge4][%cal Rg6h7]} Kg8 37. Bd5+ Kh8 38. Be4 {[%csl Ge4][%cal Rg6h7]} Kg8 {Strongly threatening ...Rf4.} 39. Qh7+ Kf7 40. Bd5+ {Precision: White = 77%, Black = 18%.} 1-0

[Event "XVII MetLife Najdorf Open 2017"]
[Site "Warsaw"]
[Date "2017.07.13"]
[Round "5.19"]
[White "Zylka, Stanislaw"]
[Black "Stefanova, Antoaneta"]
[Result "0-1"]
[WhiteElo "2368"]
[BlackElo "2512"]
[Annotator "TA"]
[PlyCount "112"]
[EventDate "2017.??.??"]
[EventType "swiss"]
[EventCountry "POL"]
[SourceTitle "playchess.com"]
[Source "ChessBase"]
[SourceQuality "1"]

{[%evp 9,112,33,35,3,7,0,9,-28,-14,-29,-5,-51,-10,-28,-35,-60,-59,-49,-35,-34,-39,-56,-10,-40,-40,-53,-62,-60,-20,-50,-47,-35,-34,-38,-29,-37,0,0,0,0,0,0,10,0,0,0,28,14,56,48,58,24,76,59,70,17,31,-34,-24,-56,-40,-101,-91,-73,-82,-123,-120,-156,-141,-345,-230,-398,-404,-479,-458,-432,-302,-475,-485,-483,-468,-493,-493,-649,-600,-817,-726,-713,-708,-739,-719,-1348,-1335,-1245,-1192,-1819,-2022,-5389,-4616,-29986,-29987,-29993,-29994,-29997,-2039]} 1. Nf3 g6 2. d4 Bg7 3. g3 d6 4. Bg2 Nd7 5. O-O e5 {LiveBook: 330 Games} 6. c3 {A41: 1 d4 d6: Tartakower System and Modern Defence} (6. e4 Ngf6 7. Re1 O-O 8. Nc3 exd4 9. Nxd4 a6 10. h3 Re8 11. a4 Rb8 12. a5 Ne5 13. Nb3 Be6 14. f4 Nc6 15. Nd5 Bxd5 16. exd5 Rxe1+ 17. Qxe1 Ne7 18. c4 Qd7 19. Bd2 Re8 20. Qf1 {0-1 (36) Vidit,S (2651)-Mamedov,R (2657) Berlin 2015}) 6... Ngf6 7. dxe5 (7. e4 $5) 7... dxe5 8. Qa4 {The position is equal.} O-O 9. Rd1 Re8 $146 ({Predecessor:} 9... Qe7 10. Na3 e4 11. Nd4 a6 12. Qc2 Nc5 13. Nc4 Bd7 {0-1 (28) Farkas,L (2169)-Hendriks,W (2425) Latschach 2008}) 10. Qh4 Qe7 (10... e4 $5 {[%cal Re4f3]} 11. Ne1 b6 $11) 11. Bg5 Qf8 12. Qc4 Nb6 13. Qb3 h6 14. Bxf6 Bxf6 15. e4 g5 16. Na3 Bd7 {Hoping for ...Ba4.} 17. Rxd7 Nxd7 18. Qxb7 Nc5 (18... Reb8 $5 {[%cal Rb8b7]} 19. Qxc7 Qd8 20. Qxd8+ Rxd8 $11) 19. Qd5 g4 {aiming for ...Rad8.} 20. Ne1 $1 {[%cal Bf3e1,Be1c2,Bc2e3,Be3f5][%mdl 32]} Rad8 21. Qc4 Rd2 22. b4 Ne6 23. Qb3 $1 Ng5 24. Nc4 Rd7 25. Nc2 h5 26. N2e3 c6 27. Na5 Rc8 28. Qc4 Rd6 29. Nf5 {[%mdl 1024] White has compensation.} Re6 {[%cal Bd6e6,Be6e8,Be8d8,Bd8d2][%mdl 32]} 30. Nb7 Rc7 (30... c5 $11 {remains equal.} 31. Nxc5 Rec6) 31. Nc5 $16 Re8 32. Nb3 (32. Qe2 $14) 32... Rd8 $11 33. Na5 (33. Qe2 $14) 33... Qe8 $15 34. Rf1 Rd2 35. b5 {[#]} ({White should play} 35. Qb3 $1 $15) 35... Qe6 $1 $17 36. Qc5 {[%cal Ra5c6]} Qxa2 37. Nxc6 Ne6 38. Qb4 {[#]} Rcd7 $1 $36 {[%mdl 2048] White is under strong pressure.} 39. Nce7+ $2 (39. b6 $17 Rb2 40. b7 Rxb7 41. Qd6) 39... Kh8 40. Nd5 $2 (40. Nc6) 40... Rb2 $19 41. Qxb2 Qxb2 42. Nxf6 Rd3 43. Nxh5 (43. c4 {was the only chance.}) 43... Qxb5 44. Nf6 Rxc3 45. Nxg4 Qc5 46. Nfh6 Nd8 47. Nf6 Rc1 48. Nhg4 Nc6 49. Nh6 a5 50. g4 Rxf1+ 51. Bxf1 Qc1 52. Nf5 a4 53. h4 a3 54. Nd6 a2 {Black mates.} 55. h5 a1=Q 56. h6 Qxf1+ {Precision: White = 22%, Black = 65%.} 0-1

[Event "XVII MetLife Najdorf Open 2017"]
[Site "Warsaw"]
[Date "2017.07.13"]
[Round "5.20"]
[White "Kanarek, Marcel"]
[Black "Omar, Noaman"]
[Result "1-0"]
[WhiteElo "2509"]
[BlackElo "2354"]
[Annotator "TA"]
[PlyCount "47"]
[EventDate "2017.??.??"]
[EventType "swiss"]
[EventCountry "POL"]
[SourceTitle "playchess.com"]
[Source "ChessBase"]
[SourceQuality "1"]

{[%evp 28,47,14,14,22,18,31,0,14,21,16,20,75,56,66,69,490,502,1032,975,29967,29968]} 1. e4 c6 2. d4 d5 3. Nc3 dxe4 4. Nxe4 Bf5 5. Ng3 Bg6 6. h4 h6 7. Nf3 e6 8. Ne5 Bh7 9. Bd3 Bxd3 10. Qxd3 Nd7 {B19: Classical Caro-Kann: 4...Bf5 main line} 11. f4 Be7 12. Bd2 Nxe5 13. fxe5 Bxh4 14. O-O-O Bxg3 15. Qxg3 {LiveBook: 23 Games} Ne7 16. Qxg7 Rg8 17. Qh7 {[#] aiming for Rdf1.} Qd5 {[#]} 18. Rdf1 $146 {[%cal Bd1f1,Bf1f7,Bf7b7][%mdl 32]} ({Predecessor:} 18. Kb1) 18... O-O-O {...Nf5 is the strong threat.} 19. Rxf7 Qxd4 (19... Rh8 $11 {keeps the balance.} 20. Qd3 Nf5) 20. Bc3 $36 {[%mdl 2048] Black is under pressure.} Qe3+ 21. Kb1 Rxg2 $2 {[%mdl 8192]} (21... Rh8 $14 22. Qg7 Nd5 23. Rxb7 Rhg8) 22. a3 Nd5 {[#]} (22... Rg1+ $142 23. Rxg1 Qxg1+ 24. Ka2 Nd5) 23. Ba5 $1 $18 {[%cal Ra5d8]} Rdg8 24. Rxb7 {Precision: White = 92%, Black = 18%.} 1-0

[Event "XVII MetLife Najdorf Open 2017"]
[Site "Warsaw"]
[Date "2017.07.13"]
[Round "5.21"]
[White "Raja Harshit"]
[Black "Riff, Jean-Noel"]
[Result "1/2-1/2"]
[WhiteElo "2377"]
[BlackElo "2493"]
[Annotator "TA"]
[PlyCount "38"]
[EventDate "2017.??.??"]
[EventType "swiss"]
[EventCountry "POL"]
[SourceTitle "playchess.com"]
[Source "ChessBase"]
[SourceQuality "1"]

{[%evp 21,38,29,39,-43,-38,-68,-61,-47,-58,-61,-40,-34,-19,-16,0,-50,0,-14,0]} 1. e4 c5 2. Nf3 d6 3. d4 cxd4 4. Nxd4 Nf6 5. Nc3 a6 6. Bg5 e6 7. f4 Qb6 8. Qd2 Qxb2 9. Rb1 Qa3 10. f5 Be7 {B97: Sicilian Najdorf: Poisoned Pawn} (10... Nc6 11. fxe6 fxe6 12. Nxc6 bxc6 13. e5 dxe5 14. Bxf6 gxf6 15. Ne4 Qxa2 16. Rd1 Be7 17. Be2 O-O 18. O-O f5 19. Qh6 Qxc2 20. Rf3 f4 21. Rh3 Rf7 22. Rhd3 Qxe2 23. Rd8+ Rf8 24. Nf6+ Kf7 25. Qxh7+ Kxf6 26. Qh6+ Kf7 27. Qh7+ Kf6 28. Qh6+ Kf7 29. Qh7+ {½-½ (29) Radjabov,T (2710)-Grischuk,A (2750) Moscow 2017}) 11. fxe6 Bxe6 {LiveBook: 3 Games} 12. Rxb7 (12. Nxe6 $14 fxe6 13. Rxb7) 12... Nbd7 $15 {Black is slightly better.} 13. Be2 ({Not} 13. Nc6 $2 Rc8 $19) 13... Rc8 $1 {[%cal Rc8c3]} 14. Nxe6 fxe6 15. Rb3 Qa5 16. O-O Nc5 17. Rbb1 Ncd7 18. Rb3 $146 Nc5 19. Rbb1 Ncd7 1/2-1/2

[Event "XVII MetLife Najdorf Open 2017"]
[Site "Warsaw"]
[Date "2017.07.13"]
[Round "5.22"]
[White "Teclaf, Pawel"]
[Black "Annaberdiev, Meilis"]
[Result "1/2-1/2"]
[WhiteElo "2372"]
[BlackElo "2485"]
[Annotator "TA"]
[PlyCount "76"]
[EventDate "2017.??.??"]
[EventType "swiss"]
[EventCountry "POL"]
[SourceTitle "playchess.com"]
[Source "ChessBase"]
[SourceQuality "1"]

{[%evp 19,76,13,20,22,29,12,17,9,12,5,2,14,8,8,13,-32,0,-10,16,9,18,0,0,0,0,0,0,0,0,0,14,0,0,0,1,6,11,6,10,0,0,0,0,0,0,0,81,51,25,0,163,168,196,0,0,0,190,0,0]} 1. e4 e5 2. Nf3 Nc6 3. Bb5 a6 4. Ba4 Nf6 5. O-O Be7 6. Re1 b5 7. Bb3 O-O 8. a4 b4 9. d4 d6 10. dxe5 dxe5 11. Nbd2 {C88: Closed Ruy Lopez: Anti-Marshall Systems} Bc5 12. a5 Qd6 $146 ({Predecessor:} 12... Ng4 13. Rf1 Nf6 14. h3 Qe7 15. Re1 Rd8 16. Ng5 Rf8 17. Ngf3 Rd8 18. Ng5 Rf8 {½-½ (55) Inarkiev,E (2709)-Aronian,L (2785) Doha 2016}) 13. h3 Be6 14. Qe2 Nd4 15. Nxd4 Bxd4 16. Bxe6 Qxe6 17. Nb3 Rfd8 18. Nxd4 Rxd4 19. f3 Nh5 20. Qf2 (20. Be3 $5 {[%cal Re3d4]}) 20... Rad8 21. Be3 R4d6 22. Qh4 Nf4 23. Bxf4 exf4 24. Qxf4 Qc4 25. Kh1 Rd2 26. Rac1 h6 27. b3 $36 {[%mdl 2048] White fights for an advantage.} Qc5 28. e5 Qf2 {[%csl Gd2][%cal Rf2g2] [#]} 29. Qg4 R8d4 (29... h5 $5 30. Qg5 $8 R8d5 $11) 30. Qc8+ Rd8 {[%csl Gd2][%cal Rf2g2]} 31. Qg4 h5 32. Qg5 h4 (32... R8d5 $11) 33. e6 fxe6 34. Qg6 Qg3 $2 (34... R8d6 $11 {and Black is okay.}) 35. Qxe6+ $18 Kh8 {[%csl Gd2][%cal Rg3g2] [#]} 36. Re2 $2 (36. Rg1 $18) 36... Rd1+ $11 37. Re1 R1d2 $2 (37... R8d2 $11 38. Qe8+ Kh7 39. Qh5+ Kg8 40. Qe8+ Kh7 41. Qh5+ Kg8 42. Qe8+ Kh7) 38. Re2 $2 (38. Rg1 $18) 38... Rd1+ {Precision: White = 52%, Black = 69%.} 1/2-1/2

[Event "XVII MetLife Najdorf Open 2017"]
[Site "Warsaw"]
[Date "2017.07.13"]
[Round "5.23"]
[White "Lagunow, Raphael"]
[Black "Socko, Monika"]
[Result "1/2-1/2"]
[WhiteElo "2348"]
[BlackElo "2480"]
[Annotator "RC"]
[PlyCount "81"]
[EventDate "2017.??.??"]
[EventType "swiss"]
[EventCountry "POL"]
[SourceTitle "playchess.com"]
[Source "ChessBase"]
[SourceQuality "1"]
[TimeControl "40/5400+30:1800+30"]

1. Nf3 d5 2. g3 Nc6 3. d4 Bf5 4. Bg2 Nb4 5. Na3 e6 6. c3 Nc6 7. Nc2 Nf6 8. O-O Be4 9. Nce1 Be7 10. Nd3 O-O 11. Bf4 a5 12. a4 b6 13. Nd2 Bxg2 14. Kxg2 Ne4 15. f3 Nxd2 16. Qxd2 Qd7 17. e4 dxe4 18. fxe4 Rad8 19. Qe2 f6 20. Rad1 Rc8 21. Qg4 f5 22. exf5 exf5 23. Qf3 Bf6 24. Rfe1 Rce8 25. b3 Ne7 26. Be5 Nd5 27. Bxf6 Nxf6 28. Ne5 Qd6 29. Nc4 Qd5 30. Re5 Qxf3+ 31. Kxf3 Ng4 32. Rxe8 Rxe8 33. h3 Nf6 34. Ne3 Ne4 35. Nxf5 Nxc3 36. Rd3 Nd5 37. Ne3 Rf8+ 38. Ke2 Nf6 39. g4 Ne4 40. Nd5 Rf7 41. Re3 1/2-1/2

[Event "XVII MetLife Najdorf Open 2017"]
[Site "Warsaw"]
[Date "2017.07.13"]
[Round "5.24"]
[White "Krzyzanowski, Marcin"]
[Black "Prince, Bajaj"]
[Result "1/2-1/2"]
[WhiteElo "2464"]
[BlackElo "2344"]
[Annotator "TA"]
[PlyCount "83"]
[EventDate "2017.??.??"]
[EventType "swiss"]
[EventCountry "POL"]
[SourceTitle "playchess.com"]
[Source "ChessBase"]
[SourceQuality "1"]

{[%evp 25,83,29,29,37,36,34,29,22,38,4,14,3,3,3,15,15,8,0,0,-21,0,0,55,0,66,58,60,41,42,28,65,15,15,0,28,32,32,4,4,4,0,0,3,0,6,6,7,0,21,21,21,14,23,0,0,0,0,0,0,0]} 1. e4 c5 2. Nf3 {[%cal Bg1f3,Bf3d4,Bd4b5][%mdl 32]} e6 3. d4 cxd4 4. Nxd4 Nc6 5. Nc3 Nf6 6. Ndb5 Bb4 7. a3 Bxc3+ 8. Nxc3 d5 9. exd5 Nxd5 10. Nxd5 exd5 11. Bd3 Qe7+ 12. Qe2 {B45: Sicilian Four Knights} Qxe2+ 13. Kxe2 Ne5 {LiveBook: 13 Games} 14. Bb5+ {White has an edge.} (14. Rd1 Nxd3 15. Rxd3 Be6 16. Be3 a6 17. Bd4 O-O 18. Kd2 Rac8 19. g4 Rfe8 {½-½ (32) Istratescu,A (2592)-Tregubov,P (2593) Drancy 2016}) 14... Bd7 15. Bxd7+ Kxd7 16. Rd1 Ke6 17. Be3 Rhc8 $146 ({NOTEXT:} 17... Rac8 18. Rac1 a5 19. a4 f6 {½-½ (54) Pospisil,J (2051)-Kozeny,P (2070) Rakovnik 2015}) 18. Rac1 Nc4 19. Bd4 Rc7 20. Rd3 f6 21. Rh3 h6 22. Rh5 Rac8 23. Re1 Kf7 (23... Rd8 $11) 24. Kd3 ({White should try} 24. Rxd5 $14 Re7+ 25. Kd1) 24... Ne5+ (24... Rd7 $11) 25. Bxe5 $14 fxe5 {[%cal Bf6e5,Be5e4][%mdl 4128] Endgame KRR-KRR} 26. c3 {aiming for Rf5+.} e4+ 27. Ke3 Rc5 {[#] And now ...d4+! would win.} 28. Rh4 R8c6 29. f3 exf3 30. Rf4+ Rf6 31. Rxf3 (31. Rxf6+ {is interesting.} Kxf6 32. Rf1 Rc4 33. Rxf3+ Ke7 34. Kd3) 31... Rxf3+ 32. Kxf3 {KR-KR} Rb5 33. Re2 Rb6 34. Rd2 Ke6 35. Kf4 Rc6 36. Ke3 Ke5 37. Rf2 Rb6 38. g3 h5 39. Kd3 Rf6 {The position is equal.} 40. Rxf6 Kxf6 41. Kd4 Kg5 42. h3 {Precision: White = 33%, Black = 66%.} 1/2-1/2

[Event "XVII MetLife Najdorf Open 2017"]
[Site "Warsaw"]
[Date "2017.07.13"]
[Round "5.25"]
[White "Rahul Srivatshav P"]
[Black "Drozdowski, Kacper"]
[Result "0-1"]
[WhiteElo "2295"]
[BlackElo "2461"]
[Annotator "TA"]
[PlyCount "72"]
[EventDate "2017.??.??"]
[EventType "swiss"]
[EventCountry "POL"]
[SourceTitle "playchess.com"]
[Source "ChessBase"]
[SourceQuality "1"]

1. d4 {Program Activation Required} d6 2. c4 e5 3. d5 f5 4. e4 Nf6 5. exf5 (5. Nc3 g6 6. exf5 gxf5 7. Be2 Bg7 8. Bh5+ Nxh5 9. Qxh5+ Kf8 10. Bh6 Qf6 11. Bxg7+ Kxg7 12. Nge2 Rg8 13. O-O-O {½-½ (32) Fridman,D (2594)-Carlstedt,J (2413) Caleta 2017}) 5... Bxf5 6. Nc3 {A41: 1 d4 d6: Tartakower System and Modern Defence} Nbd7 7. Nge2 Bg6 8. Ng3 c6 9. Be2 cxd5 10. Nxd5 Nxd5 11. Qxd5 Qc7 12. b3 Nf6 $146 13. Qe6+ Qe7 14. Qxe7+ Bxe7 15. Bb2 h5 16. Nf1 d5 17. Nd2 d4 18. f3 Rd8 19. a3 a5 20. O-O Bc5 21. Kh1 h4 22. Rae1 Nh5 23. b4 axb4 24. Nb3 Be7 25. c5 bxa3 26. Bb5+ Kf8 27. Bxa3 Bf7 28. Nd2 Kg8 29. Nc4 d3 30. Nxe5 d2 31. Rb1 Bf6 32. Nxf7 Kxf7 33. Bc4+ Kg6 34. g4 hxg3 35. Rg1 Nf4 36. Rxg3+ Kf5 0-1

[Event "XVII MetLife Najdorf Open 2017"]
[Site "Warsaw"]
[Date "2017.07.13"]
[Round "5.26"]
[White "Bilguun, Sumiya"]
[Black "Miroshnichenko, Pavel"]
[Result "0-1"]
[WhiteElo "2460"]
[BlackElo "2294"]
[Annotator "TA"]
[PlyCount "170"]
[EventDate "2017.??.??"]
[EventType "swiss"]
[EventCountry "POL"]
[SourceTitle "playchess.com"]
[Source "ChessBase"]
[SourceQuality "1"]

{[%evp 25,169,30,50,44,50,59,61,40,122,100,125,48,100,32,46,6,0,0,8,-9,0,0,0,0,0,-49,-32,-94,-64,-105,-64,-94,-4,-32,-18,-119,-84,-236,-243,-235,-228,-256,-247,-255,-200,-197,-196,-179,-185,-183,-171,-386,-385,-393,-404,-385,-425,-417,-422,-564,-549,-530,-422,-400,-416,-377,-401,-409,-383,-389,-386,-391,-382,-425,-433,-400,-329,-347,-70,-598,-601,-547,-560,-616,-526,-881,-945,-873,-981,-979,-940,-940,-940,-874,-879,-872,-871,-973,-894,-994,-974,-990,-957,-1042,-1031,-1013,-1009,-1489,-1581,-1589,-1618,-1604,-1680,-1687,-1680,-1504,-1403,-1044,-1033,-5531,-5531,-29969,-29970,-29971,-29973,-29972,-29974,-29974,-29974,-29973,-29974,-29971,-29972,-29971,-29954,-29979,-29980,-29983,-29984,-29984,-29985,-29985,-29984,-29998,-29999,-29999]} 1. e4 e5 2. Nf3 Nc6 3. Bb5 a6 4. Ba4 Nf6 5. O-O Be7 6. Re1 b5 7. Bb3 d6 8. c3 O-O 9. h3 Bb7 10. d4 Re8 11. a3 Bf8 12. Bc2 h6 13. Nbd2 g6 14. b4 {C93: Closed Ruy Lopez: Smyslov Variation} (14. b3 Bg7 15. Bb2 Nh5 16. Nf1 Nb8 17. dxe5 dxe5 18. Qxd8 Rxd8 19. Rad1 Nd7 20. c4 bxc4 21. bxc4 Nc5 22. Bxe5 Rxd1 23. Rxd1 Bxe5 24. Nxe5 {1-0 (45) Szabo,K (2510)-Nemeth,M (2469) Hungary 2017}) 14... Bg7 15. Nb3 exd4 16. cxd4 {White is slightly better.} Nd7 $146 (16... Na7 $1 $14) ({NOTEXT:} 16... Rb8 17. Bb2 Na7 18. Qb1 Nc8 19. Na5 Ba8 20. d5 Ne7 21. Nd4 Nh5 {1-0 (41) Gerigk,E (2280)-Tammert,G (2220) Baden 1991}) 17. Rb1 Nb6 18. Bd3 (18. d5 $16) 18... Na4 (18... Nc4 $14) 19. Qc2 ({White should try} 19. Bd2 $16) 19... Rc8 $1 $14 20. h4 Nb8 21. Be3 Qd7 22. Nh2 Qe7 23. h5 $1 gxh5 {[%cal Rb7e4]} 24. Qd2 Qf6 25. Bf4 Nc3 {[%cal Rc3e4]} 26. Qxc3 (26. e5 $15 Nxb1 27. Bxb1) 26... Qxf4 $17 27. g3 Qg5 28. Qc2 {[#]} Nc6 (28... c5 $1 $17 {[%mdl 512]} 29. dxc5 (29. bxc5 dxc5) 29... dxc5 30. bxc5 Nd7) 29. Nf3 $11 Qg4 $36 {[%mdl 2048] Black fights for an advantage.} 30. Kg2 {[#]} (30. Nh2 $11 Qd7 31. Nf3) 30... f5 $1 {[%mdl 512]} 31. Nh2 $2 (31. d5 $17 Ne5 32. Nxe5 Bxe5 33. Na5) (31. exf5 Nxb4) 31... Qg6 $19 32. d5 Ne5 33. exf5 Qf7 $1 ({Don't play} 33... Bxd5+ 34. Be4 $19) 34. Be4 Nc4 ({But not} 34... Bxd5 35. Bxd5 Qxd5+ 36. Kg1 $17) 35. Rbd1 Nxa3 36. Qd3 Nc4 37. Qf3 {[#]} Nb6 $1 38. Nd4 $2 {[#]} (38. Na5 {might work better.} Rxe4 39. Qxe4 Bxd5 40. Rxd5 Qxd5 41. Nc6) 38... Rxe4 $1 {[%mdl 512]} 39. Rxe4 Nxd5 {White must now prevent ...c5.} 40. Re6 {[#]} Nf4+ $1 {[%mdl 512]} 41. gxf4 Bxf3+ 42. Nhxf3 c5 43. bxc5 Rxc5 44. Rde1 Rxf5 45. Nxf5 Qxf5 46. R1e3 Qg4+ 47. Kf1 Qxf4 48. Re8+ Kh7 49. R8e7 Qc4+ 50. Kg2 b4 51. R3e4 Qb5 $2 ({Black should play} 51... Qc3 $19 {And now ...b3 would win.} 52. Rf7 b3) 52. Rf4 $2 {[%mdl 8192] [#]} (52. Ra7 $15 Qb8 53. Ree7) 52... Kg8 $1 53. Rff7 Bf8 54. Rc7 b3 55. Rf6 Qb8 56. Rg6+ Kh8 57. Rf7 b2 58. Nd2 Qe8 59. Rff6 Bg7 60. Rxd6 a5 61. Rg3 {[#]} b1=Q $1 62. Nxb1 Qe4+ 63. Kh2 Qxb1 64. Rd8+ Kh7 65. Rd7 Qb2 66. Rg2 Qe5+ 67. Kh1 h4 {[%cal Bh5h4,Bh4h3][%mdl 32]} 68. f4 Qf6 69. Ra7 h3 70. Rg3 a4 71. Kh2 Qd4 72. Re7 a3 {( -> ...a2)} 73. f5 a2 {Black mates.} 74. Rgxg7+ Qxg7 {[%mdl 4096] Endgame KQ-KR} 75. f6 {[#]} a1=Q $1 76. Rxg7+ Kh8 77. Rg6 Qe5+ 78. Rg3 Qxf6 79. Kxh3 Kh7 80. Rg2 h5 81. Kh2 Kh6 82. Kh3 Qf3+ 83. Kh4 Qd3 84. Rg3 Qe4+ 85. Kh3 Qh1# {Precision: White = 40%, Black = 67%.} 0-1

[Event "XVII MetLife Najdorf Open 2017"]
[Site "Warsaw"]
[Date "2017.07.13"]
[Round "5.27"]
[White "Sundararajan, Kidambi"]
[Black "Jaroch, Karol"]
[Result "1/2-1/2"]
[WhiteElo "2444"]
[BlackElo "2207"]
[Annotator "TA"]
[PlyCount "39"]
[EventDate "2017.??.??"]
[EventType "swiss"]
[EventCountry "POL"]
[SourceTitle "playchess.com"]
[Source "ChessBase"]
[SourceQuality "1"]

{[%evp 18,39,31,24,28,8,8,-13,-3,-17,-9,-7,-11,-50,-16,-27,0,-18,-12,-24,-25,-60,-54,-83]} 1. d4 e6 2. c4 Nf6 3. Nc3 Bb4 4. e3 b6 5. Bd3 Bb7 6. Nf3 O-O 7. O-O Re8 8. Bd2 d6 9. a3 Bxc3 10. Bxc3 Ne4 {E43: Nimzo-Indian: Rubinstein: 4...b6} 11. Bxe4 Bxe4 12. d5 $146 {[#] Strongly threatening Qd4.} ({Predecessor:} 12. Nd2 Bg6 13. Qf3 Nd7 14. e4 e5 15. d5 Rf8 16. Qe3 f5 17. exf5 Rxf5 18. f4 exf4 19. Rxf4 Rxf4 20. Qxf4 {1-0 (71) Wojtaszek,R (2715)-Moiseenko,A (2707) Dubai 2014}) 12... e5 {The position is equal.} 13. Ne1 Nd7 14. f3 Bg6 15. f4 {f5 is the strong threat.} Be4 16. Nf3 Bxf3 17. Rxf3 exf4 18. exf4 Re4 19. Qf1 Qe7 20. Re1 {Precision: White = 18%, Black = 68%.} 1/2-1/2